000 00640nam a2200241Ia 4500
003 OSt
005 20221005093240.0
006 a|||||r|||| 00| 0
007 ta
008 221004b |||||||| |||| 00| 0 eng d
024 _a80800
037 _bGift, 01/01/2005,
_cTextual
040 _aCRL
_cCRL
_beng
041 _2eng
_aeng
082 _aY:1, K6
100 _aBillington James H.
245 0 _aIcon and the axe
260 _aNew York
_bVintage Books USA
_c1966
300 _a786p.
_ccm.
650 _aSOCIOLOGY
942 _hY:1, K6
_cTEXL
_2cc
999 _c1000065
_d1000065